[Event "95th Caplin Hastings Congress"]
[Site "Hastings"]
[Date "2019.12.28"]
[Round "1.57"]
[White "Lakshmi Raja Perumal K"]
[Black "Merriman, James"]
[Result "0-1"]
[WhiteElo "1492"]
[BlackElo "1895"]
[Annotator "NA"]
[PlyCount "74"]
[EventDate "2019.12.28"]
[EventType "swiss"]
[EventCountry "ENG"]
[SourceTitle "playchess.com"]
[Source "ChessBase"]
[SourceQuality "1"]
[TimeControl "40/6600+30:3000+30"]

1. e4 {[%emt 0:09:33]} e6 {[%emt 0:09:42]} 2. d4 {[%emt 0:03:56]} d5 {[%emt 0:00:03]} 3. Nc3 {[%emt 0:01:48]} Nf6 {[%emt 0:00:09]} 4. exd5 {[%emt 0:04:57]} exd5 {[%emt 0:00:24]} 5. Nf3 {[%emt 0:00:37]} c6 {[%emt 0:01:27]} 6. Be2 {[%emt 0:08:31]} Bd6 {[%emt 0:02:14]} 7. O-O {[%emt 0:04:08]} O-O {[%emt 0:00:23]} 8. Bd3 {[%emt 0:08:24]} Bg4 {[%emt 0:01:54]} 9. h3 {[%emt 0:05:22]} Bh5 {[%emt 0:01:37]} 10. g4 {[%emt 0:06:30]} Bg6 {[%emt 0:00:10]} 11. Ne2 {[%emt 0:00:59]} Qc7 {[%emt 0:02:09]} 12. Nh4 {[%emt 0:15:20]} Be4 {[%emt 0:01:49]} 13. f3 {[%emt 0:01:11]} Bxd3 {[%emt 0:01:47]} 14. Qxd3 {[%emt 0:00:32]} g6 {[%emt 0:00:44]} 15. Ng2 {[%emt 0:02:51]} Re8 {[%emt 0:01:58]} 16. Bf4 {[%emt 0:01:31]} Rxe2 {[%emt 0:01:50]} 17. Qxe2 {[%emt 0:00:43]} Bxf4 {[%emt 0:00:18]} 18. Ne1 {[%emt 0:02:04]} Nbd7 {[%emt 0:01:31]} 19. Nd3 {[%emt 0:00:20]} Re8 {[%emt 0:01:24]} 20. Qg2 {[%emt 0:01:29]} Be3+ {[%emt 0:01:06]} 21. Kh1 {[%emt 0:01:04]} Bxd4 {[%emt 0:01:43]} 22. c3 {[%emt 0:00:16]} Ne5 {[%emt 0:03:25]} 23. Nxe5 {[%emt 0:02:27]} Bxe5 {[%emt 0:00:16]} 24. Rad1 {[%emt 0:02:34]} Bf4 {[%emt 0:02:01]} 25. Rfe1 {[%emt 0:00:37]} Re5 {[%emt 0:01:15]} 26. Rxe5 {[%emt 0:02:58]} Qd6 {[%emt 0:00:52]} 27. Re6 Qxe6 {[%emt 0:00:33]} 28. Kg1 {[%emt 0:04:30]} Qe5 {[%emt 0:01:54]} 29. Kf1 {[%emt 0:00:27]} Nd7 {[%emt 0:01:30]} 30. Re1 {[%emt 0:01:14]} Nb6 {[%emt 0:00:19]} 31. Qe2 {[%emt 0:01:36]} Qf6 {[%emt 0:00:53]} 32. Qe6 {[%emt 0:01:01]} Nc4 33. Qe8+ {[%emt 0:00:00]} Kg7 {[%emt 0:00:39]} 34. Re7 {[%emt 0:00:00]} Bd6 {[%emt 0:00:59]} 35. Rd7 {[%emt 0:02:16]} Qxf3+ {[%emt 0:00:10]} 36. Kg1 {[%emt 0:01:29]} Bc5+ {[%emt 0:00:10]} 37. Kh2 {[%emt 0:01:05]} Qf2+ {[%emt 0:00:07]} 0-1

[Event "95th Caplin Hastings Congress"]
[Site "Hastings"]
[Date "2019.12.28"]
[Round "1.58"]
[White "Ruane, Brendan J"]
[Black "Damodaran, Patrick"]
[Result "1/2-1/2"]
[WhiteElo "1882"]
[BlackElo "1388"]
[Annotator "NA"]
[PlyCount "121"]
[EventDate "2019.12.28"]
[EventType "swiss"]
[EventCountry "ENG"]
[SourceTitle "playchess.com"]
[Source "ChessBase"]
[SourceQuality "1"]
[TimeControl "40/6600+30:3000+30"]

1. e4 {[%emt 0:09:34]} c5 {[%emt 0:11:10]} 2. Nf3 {[%emt 0:00:03]} d6 {[%emt 0:01:53]} 3. g3 {[%emt 0:00:13]} Nf6 {[%emt 0:02:36]} 4. d3 {[%emt 0:00:01]} Nc6 {[%emt 0:04:51]} 5. Bg2 {[%emt 0:00:05]} g6 {[%emt 0:04:07]} 6. c3 {[%emt 0:00:04]} Bg7 {[%emt 0:03:24]} 7. O-O {[%emt 0:00:06]} O-O {[%emt 0:07:17]} 8. Re1 {[%emt 0:00:04]} e5 {[%emt 0:01:02]} 9. h3 {[%emt 0:00:16]} Bd7 {[%emt 0:01:10]} 10. a3 {[%emt 0:00:28]} Qc8 {[%emt 0:00:45]} 11. Kh2 {[%emt 0:00:09]} Qc7 {[%emt 0:00:49]} 12. b4 {[%emt 0:00:33]} cxb4 {[%emt 0:01:00]} 13. axb4 {[%emt 0:00:03]} a6 {[%emt 0:01:26]} 14. Bb2 {[%emt 0:02:19]} h6 {[%emt 0:01:56]} 15. Nbd2 {[%emt 0:00:49]} Nh7 {[%emt 0:01:03]} 16. Nf1 {[%emt 0:12:28]} Ne7 {[%emt 0:03:41]} 17. Ne3 {[%emt 0:02:32]} f5 {[%emt 0:02:16]} 18. Nd5 {[%emt 0:05:10]} Nxd5 {[%emt 0:02:42]} 19. exd5 {[%emt 0:00:04]} Nf6 {[%emt 0:02:03]} 20. c4 {[%emt 0:02:03]} b5 {[%emt 0:01:40]} 21. Qb3 {[%emt 0:01:49]} Rfe8 {[%emt 0:01:21]} 22. c5 {[%emt 0:02:37]} e4 {[%emt 0:01:25]} 23. Nd4 {[%emt 0:01:24]} Kh7 {[%emt 0:02:06]} 24. c6 {[%emt 0:03:18]} Bc8 {[%emt 0:01:54]} 25. Nxb5 {[%emt 0:07:14]} Qb8 {[%emt 0:01:54]} 26. Nc3 {[%emt 0:07:19]} exd3 {[%emt 0:01:04]} 27. Na4 {[%emt 0:05:31]} Qb5 {[%emt 0:02:16]} 28. Bxf6 {[%emt 0:04:37]} Rxe1 {[%emt 0:00:59]} 29. Rxe1 {[%emt 0:00:09]} Bxf6 {[%emt 0:00:08]} 30. Nb2 {[%emt 0:04:30]} d2 {[%emt 0:01:06]} 31. Rd1 {[%emt 0:00:37]} Qe2 {[%emt 0:00:35]} 32. Nc4 {[%emt 0:00:30]} Qxf2 {[%emt 0:01:25]} 33. Rxd2 {[%emt 0:00:32]} Qe1 {[%emt 0:00:37]} 34. Qd1 {[%emt 0:02:07]} Qe7 {[%emt 0:00:27]} 35. Re2 {[%emt 0:00:51]} Qc7 {[%emt 0:00:30]} 36. Qe1 {[%emt 0:01:05]} f4 {[%emt 0:01:21]} 37. g4 {[%emt 0:00:48]} h5 {[%emt 0:00:49]} 38. Bf3 {[%emt 0:01:01]} hxg4 {[%emt 0:00:39]} 39. hxg4 {[%emt 0:00:10]} Rb8 {[%emt 0:01:02]} 40. Re4 {[%emt 0:02:16]} g5 {[%emt 0:00:39]} 41. Re8 {[%emt 0:53:47]} Kg7 {[%emt 0:50:49]} 42. Kg2 {[%emt 0:02:08]} Kf7 {[%emt 0:00:38]} 43. Rxc8 {[%emt 0:03:05]} Rxc8 {[%emt 0:00:39]} 44. Qe6+ {[%emt 0:00:05]} Kg7 {[%emt 0:00:25]} 45. Nxd6 {[%emt 0:00:12]} Rd8 {[%emt 0:00:36]} 46. Ne8+ {[%emt 0:01:12]} Rxe8 {[%emt 0:00:38]} 47. Qxe8 {[%emt 0:00:06]} Be5 {[%emt 0:00:33]} 48. Qa8 {[%emt 0:03:36]} Qb6 {[%emt 0:00:38]} 49. Qb7+ {[%emt 0:00:05]} Qxb7 {[%emt 0:00:15]} 50. cxb7 {[%emt 0:00:08]} Bb8 {[%emt 0:00:32]} 51. Be2 {[%emt 0:00:13]} Kf6 {[%emt 0:00:21]} 52. Bxa6 {[%emt 0:00:07]} Ke5 {[%emt 0:00:23]} 53. Bc4 {[%emt 0:00:27]} Kd4 {[%emt 0:00:22]} 54. Ba2 {[%emt 0:00:13]} Ke3 {[%emt 0:00:34]} 55. d6 {[%emt 0:00:33]} Bxd6 {[%emt 0:00:11]} 56. Bd5 {[%emt 0:00:10]} Kd4 {[%emt 0:00:25]} 57. Bc6 {[%emt 0:00:22]} Ke3 {[%emt 0:00:30]} 58. b5 {[%emt 0:00:27]} Ke2 {[%emt 0:00:11]} 59. b6 {[%emt 0:02:03]} Bb8 {[%emt 0:00:21]} 60. Bd5 {[%emt 0:02:06]} Bd6 {[%emt 0:00:17]} 61. Bc6 {[%emt 0:00:12]} 1/2-1/2

[Event "95th Caplin Hastings Congress"]
[Site "Hastings"]
[Date "2019.12.28"]
[Round "1.59"]
[White "Liu, Tianyi"]
[Black "Akeya-Price, Robert"]
[Result "0-1"]
[WhiteElo "1307"]
[BlackElo "1880"]
[Annotator "NA"]
[PlyCount "70"]
[EventDate "2019.12.28"]
[EventType "swiss"]
[EventCountry "ENG"]
[SourceTitle "playchess.com"]
[Source "ChessBase"]
[SourceQuality "1"]
[TimeControl "40/6600+30:3000+30"]

1. e4 {[%emt 0:09:33]} c6 {[%emt 0:09:35]} 2. d4 {[%emt 0:00:05]} d5 {[%emt 0:00:05]} 3. e5 {[%emt 0:00:04]} c5 {[%emt 0:00:07]} 4. dxc5 {[%emt 0:00:06]} e6 {[%emt 0:00:09]} 5. Be3 {[%emt 0:01:16]} Qc7 {[%emt 0:00:09]} 6. Nf3 {[%emt 0:02:41]} Bxc5 {[%emt 0:00:50]} 7. Bxc5 {[%emt 0:03:13]} Qxc5 {[%emt 0:00:08]} 8. c3 {[%emt 0:02:56]} Ne7 {[%emt 0:00:48]} 9. Be2 {[%emt 0:01:59]} Nbc6 {[%emt 0:01:56]} 10. b4 {[%emt 0:09:58]} Qb6 {[%emt 0:00:15]} 11. b5 {[%emt 0:03:22]} Nb8 {[%emt 0:00:43]} 12. Bd3 {[%emt 0:08:41]} Nd7 {[%emt 0:02:55]} 13. O-O {[%emt 0:02:02]} Ng6 {[%emt 0:01:46]} 14. Re1 {[%emt 0:03:53]} O-O {[%emt 0:01:08]} 15. Qc2 {[%emt 0:14:54]} Nc5 {[%emt 0:04:00]} 16. a4 {[%emt 0:08:01]} Nxd3 {[%emt 0:02:25]} 17. Qxd3 {[%emt 0:00:16]} a6 {[%emt 0:00:10]} 18. Nbd2 {[%emt 0:02:41]} Bd7 {[%emt 0:07:16]} 19. c4 {[%emt 0:08:22]} axb5 {[%emt 0:01:26]} 20. cxb5 {[%emt 0:08:20]} Rfc8 {[%emt 0:01:12]} 21. Qb3 {[%emt 0:03:53]} Qa5 {[%emt 0:02:51]} 22. Reb1 {[%emt 0:05:27]} Rc3 {[%emt 0:03:15]} 23. Qb4 {[%emt 0:01:01]} Rc1+ {[%emt 0:00:21]} 24. Rxc1 {[%emt 0:03:38]} Qxb4 {[%emt 0:00:07]} 25. Rc7 {[%emt 0:00:16]} Bxb5 {[%emt 0:06:25]} 26. Rxb7 {[%emt 0:00:47]} Qc3 {[%emt 0:01:13]} 27. Rb1 {[%emt 0:01:12]} Bxa4 {[%emt 0:00:26]} 28. Nf1 {[%emt 0:00:52]} h6 {[%emt 0:00:51]} 29. R7b2 {[%emt 0:01:50]} Bc2 {[%emt 0:01:13]} 30. Rb8+ {[%emt 0:00:05]} Rxb8 {[%emt 0:00:04]} 31. Rxb8+ {[%emt 0:00:10]} Kh7 {[%emt 0:00:05]} 32. Rb7 {[%emt 0:00:07]} Nxe5 {[%emt 0:00:23]} 33. Nxe5 {[%emt 0:00:04]} Qxe5 {[%emt 0:00:10]} 34. Rxf7 {[%emt 0:00:03]} Qe1 {[%emt 0:00:14]} 35. Rf3 {[%emt 0:00:33]} Bd1 {[%emt 0:00:20]} 0-1

[Event "95th Caplin Hastings Congress"]
[Site "Hastings"]
[Date "2019.12.28"]
[Round "1.60"]
[White "Metcalfe, Charlie P"]
[Black "Thatte, Nandinee"]
[Result "1-0"]
[WhiteElo "1867"]
[BlackElo "1270"]
[Annotator "NA"]
[PlyCount "49"]
[EventDate "2019.12.28"]
[EventType "swiss"]
[EventCountry "ENG"]
[SourceTitle "playchess.com"]
[Source "ChessBase"]
[SourceQuality "1"]
[TimeControl "40/6600+30:3000+30"]

1. d4 {[%emt 0:05:24]} Nf6 {[%emt 0:00:06]} 2. c4 {[%emt 0:00:01]} g6 {[%emt 0:00:06]} 3. Nc3 {[%emt 0:00:03]} Bg7 {[%emt 0:00:04]} 4. e4 {[%emt 0:00:03]} d6 {[%emt 0:00:11]} 5. Nf3 {[%emt 0:00:03]} O-O {[%emt 0:00:07]} 6. Be2 {[%emt 0:00:02]} e5 {[%emt 0:00:11]} 7. Be3 {[%emt 0:00:04]} Ng4 {[%emt 0:00:15]} 8. Bg5 {[%emt 0:00:01]} f6 {[%emt 0:00:12]} 9. Bh4 {[%emt 0:00:01]} g5 {[%emt 0:00:14]} 10. Bg3 Nh6 {[%emt 0:00:25]} 11. c5 {[%emt 0:00:11]} Nc6 {[%emt 0:00:40]} 12. cxd6 {[%emt 0:00:07]} cxd6 {[%emt 0:00:07]} 13. dxe5 {[%emt 0:00:07]} dxe5 {[%emt 0:00:48]} 14. Bc4+ {[%emt 0:00:14]} Kh8 {[%emt 0:01:14]} 15. Qxd8 {[%emt 0:00:07]} Rxd8 {[%emt 0:00:16]} 16. h3 {[%emt 0:11:15]} b6 {[%emt 0:04:01]} 17. Bd5 {[%emt 0:13:22]} Bb7 {[%emt 0:00:45]} 18. O-O {[%emt 0:18:08]} Ng8 {[%emt 0:02:55]} 19. Rfd1 {[%emt 0:15:08]} Na5 {[%emt 0:15:27]} 20. b4 {[%emt 0:14:49]} Nc6 {[%emt 0:05:29]} 21. Nb5 {[%emt 0:07:41]} Rd7 {[%emt 0:05:51]} 22. Be6 {[%emt 0:03:55]} Re7 {[%emt 0:03:44]} 23. Nd6 {[%emt 0:02:19]} h5 {[%emt 0:03:16]} 24. Nf7+ {[%emt 0:00:17]} Kh7 {[%emt 0:00:35]} 25. Bf5# {[%emt 0:00:03]} 1-0

[Event "95th Caplin Hastings Congress"]
[Site "Hastings"]
[Date "2019.12.29"]
[Round "2.1"]
[White "Cherniaev, Alexander"]
[Black "Howell, David W L"]
[Result "0-1"]
[WhiteElo "2419"]
[BlackElo "2676"]
[Annotator "RC"]
[PlyCount "76"]
[EventDate "2019.12.28"]
[EventType "swiss"]
[EventCountry "ENG"]
[SourceTitle "playchess.com"]
[Source "ChessBase"]
[SourceQuality "1"]
[TimeControl "40/6600+30:3000+30"]

1. e4 {[%emt 0:18:27]} c6 {[%emt 0:10:04]} 2. c4 {[%emt 0:00:22]} d5 {[%emt 0:00:16]} 3. cxd5 {[%emt 0:00:20]} cxd5 {[%emt 0:00:11]} 4. exd5 {[%emt 0:00:05]} Nf6 {[%emt 0:00:09]} 5. Nc3 {[%emt 0:00:06]} Nxd5 {[%emt 0:00:43]} 6. Nf3 {[%emt 0:00:22]} Nc6 {[%emt 0:11:11]} 7. d4 {[%emt 0:08:21]} g6 {[%emt 0:01:13]} 8. Qb3 {[%emt 0:04:10]} Nxc3 {[%emt 0:01:14]} 9. Bc4 {[%emt 0:00:31]} Nd5 {[%emt 0:00:55]} 10. Bxd5 {[%emt 0:00:08]} e6 {[%emt 0:00:07]} 11. Bxc6+ {[%emt 0:00:30]} bxc6 {[%emt 0:00:10]} 12. O-O {[%emt 0:01:45]} f6 {[%emt 0:00:06]} 13. Be3 {[%emt 0:02:34]} Qd5 {[%emt 0:00:45]} 14. Nd2 {[%emt 0:02:05]} Be7 {[%emt 0:06:29]} 15. Rfc1 {[%emt 0:00:34]} Kf7 {[%emt 0:00:49]} 16. Qc2 {[%emt 0:13:29]} Bb7 {[%emt 0:25:03]} 17. f3 {[%emt 0:00:40]} g5 {[%emt 0:13:21]} 18. Ne4 {[%emt 0:06:22]} h5 {[%emt 0:00:31]} 19. Nc5 {[%emt 0:00:26]} Bc8 {[%emt 0:04:42]} 20. Qb3 {[%emt 0:23:43]} g4 {[%emt 0:09:37]} 21. Qxd5 {[%emt 0:02:33]} cxd5 {[%emt 0:00:13]} 22. Bf4 {[%emt 0:00:09]} gxf3 {[%emt 0:02:58]} 23. gxf3 {[%emt 0:00:11]} Kg6 {[%emt 0:00:24]} 24. b4 {[%emt 0:04:21]} e5 {[%emt 0:06:41]} 25. Be3 {[%emt 0:01:04]} Bd6 {[%emt 0:04:03]} 26. b5 {[%emt 0:02:04]} Kf7 {[%emt 0:03:30]} 27. Nd3 {[%emt 0:05:13]} Bh3 {[%emt 0:17:32]} 28. Kf2 {[%emt 0:00:19]} Rhg8 {[%emt 0:00:06]} 29. Rg1 {[%emt 0:00:06]} Bf5 {[%emt 0:00:45]} 30. Rxg8 {[%emt 0:01:15]} Rxg8 {[%emt 0:00:20]} 31. Rd1 {[%emt 0:01:27]} e4 {[%emt 0:00:46]} 32. Bf4 {[%emt 0:02:31]} Ba3 {[%emt 0:00:19]} 33. fxe4 {[%emt 0:11:28]} Bxe4 {[%emt 0:00:02]} 34. Ke3 {[%emt 0:03:58]} Bf5 {[%emt 0:01:13]} 35. Rb1 {[%emt 0:02:24]} Re8+ {[%emt 0:00:30]} 36. Kd2 {[%emt 0:00:08]} Bg4 {[%emt 0:00:12]} 37. Rb3 {[%emt 0:00:38]} Re2+ {[%emt 0:00:10]} 38. Kc3 {[%emt 0:01:09]} Rxa2 {[%emt 0:00:02]} 0-1

[Event "95th Caplin Hastings Congress"]
[Site "Hastings"]
[Date "2019.12.29"]
[Round "2.2"]
[White "Edouard, Romain"]
[Black "Fishbein, Alexander"]
[Result "1-0"]
[WhiteElo "2653"]
[BlackElo "2435"]
[Annotator "TA"]
[PlyCount "139"]
[EventDate "2019.12.28"]
[EventType "swiss"]
[EventCountry "ENG"]
[SourceTitle "playchess.com"]
[Source "ChessBase"]
[SourceQuality "1"]

{[%evp 9,139,-8,10,-15,6,-6,32,26,94,89,88,87,149,75,165,154,141,90,172,118,112,119,81,75,77,65,55,25,37,23,16,11,14,18,28,17,18,25,172,163,177,10,9,8,18,11,22,0,0,0,6,-1,-1,-18,-8,-8,-8,-8,-8,-85,-91,-80,-70,-86,-97,-100,0,0,0,-3,16,17,17,23,29,8,14,14,50,21,28,31,56,56,77,77,77,77,91,77,77,77,91,65,77,77,77,77,91,91,77,77,77,77,9968,9793,9277,3798,5089,2367,12841,12099,10998,10543,5373,4771,6406,4348,29968,29970,29969,29970,29970,29971,29968,29970,29982,29983,29984,29985,29985,29985]} 1. c4 e6 2. Nc3 Bb4 3. Nf3 Nf6 4. g4 h6 5. Rg1 b6 6. Qc2 {A17: English Opening: 1...Nf6 with ...Bb4} Bb7 7. a3 Bf8 8. d4 {White is slightly better.} d5 $146 (8... c5 $1 $11 {remains equal.}) ({Predecessor:} 8... d6 9. e4 Nbd7 10. Be3 a6 11. O-O-O c5 12. d5 e5 {1-0 (40) Mamedyarov,S (2585)-Naiditsch,A (2574) Lausanne 2003}) 9. g5 $16 hxg5 10. Bxg5 Nbd7 (10... Be7 $142) 11. O-O-O ({Better is} 11. cxd5 exd5 12. O-O-O) 11... Bd6 (11... c6 $16 {is a better defense.}) 12. cxd5 $18 exd5 13. Nb5 (13. e4 $142 $1 {[%cal Re4e5]} dxe4 14. Ne5 $1 {[%mdl 512]}) 13... Qe7 (13... Nf8 $16 {keeps fighting.}) 14. Rd3 ({Don't go for} 14. Nxc7+ $2 Bxc7 15. Rd3 Bd6 $19) 14... Nf8 {[%cal Bd7f8,Bf8e6,Be6f4][%mdl 32]} 15. Nh4 {Black must now prevent Nf5.} Qd7 16. Nxd6+ cxd6 17. Bxf6 gxf6 18. Bh3 Ne6 19. Rc3 $36 {[%mdl 2048] Threatens to win with Ng6! White is pushing.} Rc8 $1 {[%cal Rc8c3]} ({Avoid the trap} 19... Rxh4 $2 20. Bxe6 Qxe6 21. Rg8+ Ke7 22. Rc7+ Qd7 23. Rxd7+ Kxd7 24. Qf5+ Kc7 25. Rxa8 $18) 20. Nf5 {Nxd6+! is the strong threat.} Rxc3 $1 21. Qxc3 {Hoping for Kb1.} Qc6 $1 {And now ...Rxh3 would win.} 22. Rg3 Qxc3+ 23. bxc3 Nf4 (23... Kd7 $11 {and Black has nothing to worry.}) 24. Bg4 $1 ({Inferior is} 24. Nxd6+ Ke7 $11) 24... Kf8 25. h4 $2 ({White should play} 25. Rf3 $18 Ng2 26. Nxd6) 25... Bc8 $1 $11 {[%cal Rc8f5] Strongly threatening ...Bxf5.} 26. Nxd6 Be6 27. Kd2 Rxh4 28. Bxe6 fxe6 {[%mdl 4096] Endgame KRN-KRN} 29. Rf3 Nh3 30. Kd3 f5 31. Nb5 Ng5 32. Rg3 Ne4 33. Rg2 Rh7 34. a4 (34. f3 $11 {keeps the balance.} a6 35. fxe4 fxe4+ 36. Kc2 axb5 37. Rg1) 34... a6 $17 35. Na3 Rc7 {[%csl Ge4][%cal Rc7c3]} 36. Nb1 Rc4 $1 37. f3 Nf6 (37... Nd6 $17 38. a5 b5) 38. a5 $1 $11 bxa5 39. Nd2 Rc6 40. Nb3 Nd7 41. Nxa5 Rb6 42. Rg1 Rb5 43. Ra1 Rb6 44. e4 fxe4+ 45. fxe4 Nb8 46. Ra3 Ke7 47. e5 Nc6 48. Nb3 a5 49. Kc2 Rb5 50. Ra1 Kf7 51. Nc1 a4 52. Rxa4 Ra5 53. Kb3 Rxa4 54. Kxa4 $16 {KN-KN} Ne7 55. Kb5 Nf5 56. Kc6 {aiming for Kd7.} Ke7 $2 {[%mdl 8192]} (56... Ke8 $16) 57. Kc7 $1 $18 Ne3 58. Nd3 (58. Nb3 $142 Nc4 59. Kc6) 58... Nc4 {[#]} 59. Nb4 $1 {[%cal Rb4c6]} Ke8 60. Nc6 Kf7 61. Na7 Ke8 {[#]} 62. Nc8 $1 {[%cal Rc8d6]} Na3 63. Kd6 Nb5+ 64. Kxe6 {White mates.} Kd8 65. Nb6 Nxc3 66. Kd6 Ne2 67. Kxd5 Kc7 68. e6 Ng3 69. Ke5 Nh5 70. Nd5+ {Accuracy: White = 69%, Black = 48%.} 1-0

[Event "95th Caplin Hastings Congress"]
[Site "Hastings"]
[Date "2019.12.29"]
[Round "2.3"]
[White "Vaishali R"]
[Black "Van den Doel, Erik"]
[Result "0-1"]
[WhiteElo "2376"]
[BlackElo "2589"]
[Annotator "RC"]
[PlyCount "64"]
[EventDate "2019.12.28"]
[EventType "swiss"]
[EventCountry "ENG"]
[SourceTitle "playchess.com"]
[Source "ChessBase"]
[SourceQuality "1"]
[TimeControl "40/6600+30:3000+30"]

1. Nf3 {[%emt 0:10:06]} d5 {[%emt 0:10:23]} 2. e3 {[%emt 0:00:07]} Nf6 {[%emt 0:03:34]} 3. c4 {[%emt 0:00:11]} c6 {[%emt 0:01:23]} 4. b3 {[%emt 0:00:18]} Bf5 {[%emt 0:01:27]} 5. Bb2 {[%emt 0:00:13]} e6 {[%emt 0:00:42]} 6. Be2 {[%emt 0:00:34]} h6 {[%emt 0:02:32]} 7. O-O {[%emt 0:01:31]} Nbd7 {[%emt 0:02:11]} 8. d3 {[%emt 0:02:48]} Be7 {[%emt 0:01:08]} 9. Nc3 {[%emt 0:09:10]} O-O {[%emt 0:01:01]} 10. Re1 {[%emt 0:05:31]} Bg6 {[%emt 0:05:12]} 11. Rc1 {[%emt 0:05:32]} Re8 {[%emt 0:04:56]} 12. Rc2 {[%emt 0:16:38]} a6 {[%emt 0:09:49]} 13. Rd2 {[%emt 0:10:11]} Bd6 {[%emt 0:00:24]} 14. a3 {[%emt 0:04:57]} e5 {[%emt 0:05:00]} 15. b4 {[%emt 0:01:13]} Qe7 {[%emt 0:06:53]} 16. cxd5 {[%emt 0:09:46]} cxd5 {[%emt 0:01:55]} 17. Qb3 {[%emt 0:00:58]} Nb6 {[%emt 0:08:31]} 18. d4 {[%emt 0:06:45]} exd4 {[%emt 0:09:13]} 19. Rxd4 {[%emt 0:01:05]} Bf5 {[%emt 0:01:44]} 20. Red1 {[%emt 0:05:36]} Rac8 {[%emt 0:00:21]} 21. a4 {[%emt 0:02:55]} Be6 {[%emt 0:01:28]} 22. a5 {[%emt 0:06:57]} Nbd7 {[%emt 0:04:19]} 23. Qa4 {[%emt 0:13:32]} Rc7 {[%emt 0:07:08]} 24. e4 {[%emt 0:03:01]} Ne5 {[%emt 0:18:15]} 25. Qa1 {[%emt 0:02:18]} Nc6 {[%emt 0:02:33]} 26. R4d2 {[%emt 0:00:35]} dxe4 {[%emt 0:01:19]} 27. Rxd6 {[%emt 0:00:17]} exf3 {[%emt 0:00:04]} 28. Bxf3 {[%emt 0:00:05]} Bb3 {[%emt 0:00:30]} 29. b5 {[%emt 0:01:05]} Bxd1 {[%emt 0:01:08]} 30. Rxd1 {[%emt 0:00:05]} Nd4 {[%emt 0:00:15]} 31. Bd5 {[%emt 0:00:55]} Rxc3 {[%emt 0:01:10]} 32. Bxc3 {[%emt 0:00:14]} Ne2+ {[%emt 0:00:04]} 0-1